000 03733cam a22003738i 4500
999 _c16673
_d16673
001 21806214
005 20220304150355.0
008 201119s2021 enk b 001 0 eng
010 _a 2020052756
020 _a9780367611705
020 _z9781003104469
040 _aDLC
_beng
_erda
_cDLC
042 _apcc
043 _ae-it---
050 0 0 _aKKH2373
_b.F433 2021
082 0 0 _aDC 342.45042
_22021
_bF317
245 0 0 _aFederalism and constitutional law :
_bthe Italian contribution to comparative regionalism /
_cedited by Erika Arban, Giuseppe Martinico, Francesco Palermo.
260 _aAbingdon, Oxon :
_bRoutledge ;
_c©2021.
263 _a2105
300 _aix, 222 ;
_c23 cm.
504 _aIncludes bibliographical references and index.
505 0 _aAn intellecual history of Italian regionalism / Arban -- The new "form of government" in the reforms of the Italian regional system / Fasone, Piccirilli -- Federalism and regionalism in constitutional adjudication / Delledonne -- Intergovernmental relationships In Italy. An invertebrate but useful model / Ceccherini -- Financial relations in the Italian regional system / Valdesalici -- Party systems in the Italian regions / Wilson -- The Italian regions in the European Union : story of an unaccomplished relationship / Baraggia -- Asymmetries in the Italian regional system and their role model / Palermo -- Local governments and metropolitan cities : the Italian experience and its comparative relevance / Longo -- "Loyal cooperation" : systemic principle of Italy's regionalism? / Woelk -- Federalism, regionalism and the principle of subsidiarity / Martinico -- The global debate on federalism and regionalism : lessons from Italy / Belser.
520 _a"This volume examines the relationship between central government and local institutions, taking Italy as a case study to present a comparative perspective on how the Italian experience has influenced the global developments of federal and regional states. As the country with the longest standing regional system, Italy has a lot to tell countries that are dealing with similar issues in present times. Adopting a theoretical/analytical approach coupled with comparative analysis, this volume critically reflects on the changes brought to the Italian system of government by the reform of Title V of the Italian constitution, the reasons why further decentralisation has been resisted and offers a comparative overview of the place and contributions that the Italian experience has brought to the global debate on regionalism and federalism. The book is divided into two parts: Part I distils the essence of the evolution of Italian regionalism and the respective debate before and after 2001. While focusing on Italy, the various chapters situate it within the global framework of discussion. Part II reflects on how the Italian regional constitutional architecture contributes to the global debate, particularly focusing on the main innovations brought about by constitutional reform"--
650 0 _aFederal government
_zItaly.
_944514
650 0 _aConstitutional law
_zItaly.
_944515
650 0 _aRegionalism
_zItaly.
_944516
700 1 _aArban, Erika,
_eeditor,
_eauthor.
_944517
700 1 _aMartinico, Giuseppe,
_eeditor,
_eauthor.
_944518
700 1 _aPalermo, Francesco,
_eeditor,
_eauthor.
_944519
776 0 8 _iOnline version:
_tFederalism and constitutional law
_dMilton Park, Abingdon, Oxon ; New York, NY : Routledge, 2021
_z9781003104469
_w(DLC) 2020052757
906 _a7
_bcbc
_corignew
_d1
_eecip
_f20
_gy-gencatlg
942 _2ddc
_cDC